Atlas of surface palpation : anatomy of the neck, trunk, upper and lower limbs (third edition) (Record no. 30804)

MARC details
000 -LEADER
fixed length control field 00703nam a2200181 a 4500
008 - FIXED-LENGTH DATA ELEMENTS--GENERAL INFORMATION
fixed length control field 191203s2016 ||||||||||||||||| || u
020 ## - INTERNATIONAL STANDARD BOOK NUMBER
International Standard Book Number 9780702062254
050 ## - LIBRARY OF CONGRESS CALL NUMBER
Classification number RC 76.5 Tix
100 ## - MAIN ENTRY--PERSONAL NAME
Personal name Tixa, Serge
245 10 - TITLE STATEMENT
Title Atlas of surface palpation : anatomy of the neck, trunk, upper and lower limbs (third edition)
Statement of responsibility, etc. By Serge Tixa
250 ## - EDITION STATEMENT
Edition statement 3rd edition
260 ## - PUBLICATION, DISTRIBUTION, ETC.
Place of publication, distribution, etc. Edinburgh
Name of publisher, distributor, etc. Elsevier
Date of publication, distribution, etc. 2016
300 ## - PHYSICAL DESCRIPTION
Extent xi, 541 pages : illustrations
350 ## -
-- 65.49
650 ## - SUBJECT ADDED ENTRY--TOPICAL TERM
Topical term or geographic name entry element PALPATION
650 #0 - SUBJECT ADDED ENTRY--TOPICAL TERM
Topical term or geographic name entry element HUMAN ANATOMY
995 ## -
-- MEDICAL LIBRARY OPEN ACCESS
-- 904634
-- CBU-SCHOOL OF MEDICINE LIBRARY (Ndola)
-- 65.49
-- RC 76.5 Tix
-- 1
-- AVAILABLE
-- Dec 9, 2019
-- 904634
-- Medical Library Open Access Collection
999 ## -
-- 30804
-- 30804
Holdings
Withdrawn status Lost status Source of classification or shelving scheme Damaged status Not for loan Permanent Location Current Location Shelving location Date acquired Total Checkouts Full call number Barcode Date last seen Price effective from Koha item type
          CBU-SCHOOL OF MEDICINE LIBRARY, NDOLA. CBU-SCHOOL OF MEDICINE LIBRARY, NDOLA.   11/30/2022   RC 76.5 Tix 904634 11/30/2022 11/30/2022 MONOGRAPH